Rajasthan: primary census abstract (Record no. 488518)

000 -LEADER
fixed length control field 00446cam a22001457a 4500
008 - FIXED-LENGTH DATA ELEMENTS--GENERAL INFORMATION
fixed length control field 180718b2005 xxu||||| |||| 00| 0 eng d
082 ## - DEWEY DECIMAL CLASSIFICATION NUMBER
Classification number A81x54 01/09PCA
100 ## - MAIN ENTRY--PERSONAL NAME
Personal name Census of India 2001
245 ## - TITLE STATEMENT
Title Rajasthan: primary census abstract
260 ## - PUBLICATION, DISTRIBUTION, ETC.
Place of publication, distribution, etc. Delhi
Name of publisher, distributor, etc. The Controller of Publications
Date of publication, distribution, etc. 2005
300 ## - PHYSICAL DESCRIPTION
Extent 699p.
440 ## - SERIES STATEMENT/ADDED ENTRY--TITLE
Title Census of India 2001. Series-9, Rajasthan
500 ## - GENERAL NOTE
General note Contents: Tables A5 to A9
650 ## - SUBJECT ADDED ENTRY--TOPICAL TERM
Topical term or geographic name entry element Rajasthan - Census
Holdings
Withdrawn status Lost status Damaged status Not for loan Permanent Location Current Location Date acquired Full call number Barcode Date last seen Price effective from Koha item type
        Indian Institute of Public Administration Indian Institute of Public Administration 2018-08-04 A81x54 01/09PCA G20703 2018-08-04 2018-08-04 G

Powered by Koha